000 00719nam a2200241Ia 4500
003 OSt
005 20221007075823.0
006 a|||||r|||| 00| 0
007 ta
008 221006b |||||||| |||| 00| 0 eng d
020 _a9780199459711
024 _a45,639
037 _cTextual
040 _aFLL
_cFLL
_beng
041 _2eng
_aeng
082 _aY5926:3(W).2, Q6
100 _aSUNDER Nandini Ed.
_9458559
245 0 _aScheduled tribes and their India
_b politics, identities, politics, and work
260 _aNew Delhi
_bOxford University Press India
_c2016
300 _axviii,640p.
_ccm.
942 _hY5926:3(W).2, Q6
_cTEXL
_2CC
999 _c1157476
_d1157476